Statistics for Jump between all Capital Cities: Closest Capital East

Click here to take the quiz!

General Stats

  • This quiz has been taken 191 times
  • The average score is 144 of 195

Answer Stats

D BCAPITAL CITY% Correct
321 103ºBrussels . A
100%
173 12ºAmsterdam . L
99%
319 164ºLuxembourg . B
98%
311 161ºBern . V
96%
159 82ºVaduz . L
96%
400 107ºLjubljana . Z
93%
117 103ºZagreb . V
93%
55 97ºBratislava . B
92%
267 Vienna . B
92%
319 159ºBelgrade . P
91%
161 116ºBudapest . B
91%
296 49ºBucharest . C
90%
357 36ºChisinau . K
90%
402 17ºKiev . M
90%
756 38ºMoscow . T
90%
243 166ºPristina . S
90%
78 163ºSkopje . S
90%
174 63ºSofia . B
90%
449 109ºBaku . T
89%
1,648 161ºTbilisi . B
89%
536 165ºTehran . A
89%
669 67ºAshgabat . D
88%
479 68ºBishkek . N
88%
423 169ºDhaka . N
88%
911 85ºDushanbe . T
88%
801 97ºKathmandu . T
88%
1,597 171ºNew Delhi . K
88%
305 Tashkent . B
88%
427 93ºThimphu . D
88%
479 44ºHanoi . T
87%
1,667 74ºTaipei . S
87%
709 106ºVientiane . H
87%
736 126ºNay Pyi Taw . V
86%
3,701 149ºPalikir . Y
85%
1,480 20ºSeoul . T
85%
1,155 100ºTokyo . P
85%
1,148 120ºApia . M
84%
1,289 147ºFunafuti . A
84%
704 72ºTarawa . F
84%
1,277 130ºYaren . T
84%
609 62ºAbuja . M
80%
579 104ºAccra . L
80%
783 85ºBangui . J
80%
166 145ºBanjul . B
80%
205 148ºBissau . C
80%
772 129ºBogota . C
80%
2,523 161ºBrasilia . P
80%
180 123ºBridgetown . G
80%
1,026 50ºCaracas . S
80%
95 14ºCastries . B
80%
332 140ºConakry . F
80%
653 92ºDakar . B
80%
126 157ºFreetown . M
80%
714 167ºGeorgetown . P
80%
1,058 120ºGuatemala City . S
80%
1,446 87ºJuba . K
80%
513 167ºKampala . N
80%
134 24ºKingstown . C
80%
168 67ºLome . P
80%
604 166ºMalabo . Y
80%
239 154ºManagua . S
80%
8,766 65ºMexico City . G
80%
1,017 68ºMogadishu . V
80%
361 132ºMonrovia . Y
80%
503 110ºNairobi . M
80%
511 101ºPanama . B
80%
346 107ºParamaribo . B
80%
158 75ºPorto-Novo . A
80%
4,329 38ºPraia . D
80%
586 72ºSaint George's . K
80%
339 135ºSan Jose . P
80%
177 126ºSan Salvador . T
80%
218 78ºTegucigalpa . M
80%
1,343 123ºVictoria . P
80%
613 84ºYamoussoukro . A
80%
303 87ºYaounde . B
80%
1,325 123ºBandar Seri Begawan . M
79%
2,382 71ºBangkok . P
79%
1,139 96ºBuenos Aires . M
79%
765 66ºColombo . B
79%
888 13ºDodoma . M
79%
929 104ºGaborone . P
79%
1,402 89ºHoniara . P
79%
1,334 Lilongwe . D
79%
3,211 32ºMale . C
79%
150 74ºMaputo . L
79%
301 102ºMbabane . M
79%
202 99ºMontevideo . W
79%
1,027 126ºMoroni . A
79%
744 116ºNuku'alofa . S
79%
537 116ºPhnom Penh . B
79%
1,734 172ºPort Louis . M
79%
1,289 135ºPort-Vila . S
79%
259 117ºPretoria . M
79%
10,003 97ºSantiago . B
79%
1,072 92ºSuva . N
79%
7,134 79ºWindhoek . G
79%
920 150ºAntananarivo . M
78%
1,256 31ºManila . M
78%
1,683 117ºMelekeok . P
78%
2,334 143ºPort Moresby . H
78%
368 104ºIslamabad . U
75%
1,586 40ºKabul . I
75%
4,855 14ºMuscat . K
75%
1,048 131ºAsuncion . N
73%
10,606 72ºLima . S
73%
5,770 127ºMajuro . W
73%
1,479 121ºSucre . A
73%
5,367 176ºWellington . L
73%
1,170 139ºBeijing . P
72%
1,412 96ºN'Djamena . B
72%
810 96ºPyongyang . M
72%
3,224 60ºUlaanbaatar . B
72%
1,046 125ºBamako . O
71%
1,810 179ºBrazzaville . K
71%
415 72ºNiamey . N
71%
6,588 43ºNouakchott . B
71%
703 92ºOuagadougou . N
71%
7 153ºKinshasa . B
70%
1,549 38ºAddis Ababa . D
69%
1,564 86ºBujumbura . K
69%
558 59ºDjibouti . S
69%
140 137ºDoha . A
69%
176 25ºKigali . A
69%
423 66ºManama . D
69%
1,066 14ºRiyadh . M
69%
432 15ºSanaa . R
69%
301 107ºAbu Dhabi . A
68%
3,306 26ºAstana . K
67%
820 74ºAnkara . N
65%
499 138ºAthens . A
65%
754 91ºBaghdad . K
65%
241 126ºBeirut . D
65%
84 119ºDamascus . B
65%
2,083 97ºDili . C
65%
6,026 151ºKuala Lumpur . S
65%
556 142ºKuwait City . A
65%
529 175ºNicosia . B
65%
172 154ºPodgorica . T
65%
4 103ºRome . S
65%
524 65ºSarajevo . P
65%
315 130ºSingapore . J
65%
131 159ºTirana . A
65%
225 179ºVatican City . R
65%
780 99ºBasseterre . S
64%
3,809 141ºCanberra . Q
64%
894 158ºJakarta . D
64%
2,024 Kingston . P
64%
475 82ºPort-au-Prince . S
64%
13,710 74ºQuito . K
64%
206 166ºRoseau . L
64%
95 101ºSaint John's . R
64%
405 86ºSan Marino . V
64%
247 91ºSanto Domingo . B
64%
494 61ºAndorra la Vella . M
63%
554 247ºHavana . B
63%
5,704 63ºLisbon . M
63%
503 67ºMadrid . A
63%
498 74ºMonaco . S
63%
1,534 181ºNassau . H
63%
732 188ºWashington . N
63%
3,873 238ºOttawa . W
62%
946 251ºRabat . R
62%
3,505 342ºReykjavik . O
62%
1,689 292ºValletta . T
62%
635 269ºAlgiers . R
61%
357 199ºTripoli . T
61%
517 327ºTunis . A
61%
932 225ºBelmopan . P
60%
423 243ºCairo . V
60%
71 253ºJerusalem . C
60%
1,187 284ºAmman . J
59%
880 62ºBerlin . P
58%
172 120ºMinsk . Y
58%
280 165ºPrague . W
58%
393 45ºVilnius . M
58%
518 62ºWarsaw . V
58%
1,985 140ºYerevan . R
58%
2,377 321ºRiga . S
57%
6,796 46ºDublin . P
56%
417 278ºOslo . L
56%
3,029 103ºPort-of-Spain . D
56%
443 306ºStockholm . O
56%
780 129ºParis . B
55%
398 132ºHarare . K
52%
1,244 144ºLuanda . L
52%
1,791 114ºLusaka . H
52%
6,601 180ºLibreville . S
50%
303 268ºSao Tome . L
50%
687 91ºAsmara . C
49%
9,920 178ºMaseru .
49%
5,010 333ºCopenhagen . T
48%
82 Helsinki . M
48%
3,695 Khartoum . A
47%
839 60ºTallinn . H
47%

Score Distribution

Percentile by Number Answered

Percent of People with Each Score

Your Score History

You have not taken this quiz